000 00800nam a2200253Ia 4500
003 OSt
005 20221005103129.0
006 a|||||r|||| 00| 0
007 ta
008 221004b |||||||| |||| 00| 0 hin d
024 _a118943
037 _cTextual
040 _aCRL
_cCRL
_bhin
041 _2hin
_ahin
082 _aO152,1N24x, N9
100 _aखंडेलवाल, गुलाब
245 0 _aअंतः सलिला
246 _aAantah salilā
260 _aउत्तर
_bप्रदेश कमल प्रकाशन भारत
_c1999
300 _a232पृ0
_ccm.
650 _aहिन्दी साहित्य
942 _hO152,1N24x, N9
_cTEXL
_2cc
999 _c1009496
_d1009496